1026 1974 1881 1211 1366 1631 1046 1575 1645 1186 1456 1134 1454 1929 1871 1607 1294 1228 1993 1370 1319 1642 1085 1462 1881 1005 1502 1307 1792 1937 1721 1558 1124 1190 1226 1475 1561 1911 1333 1375 1020 1550 1521 1478 1093 1974 1959 1829 1319 1199 1579 1090 1793 1786 1373 1339 1542 1916 1747 1375 1808 1654 1881 1849 1501 1745 1724 1219 1836 1642 1166 1602 1871 1771 1911 1457 1494 1484 1593 1574 1380 1173 1153 1620 1398 1196 1242 1272 1315 1730 1188 1944 1297 1057 1759 1984 1951 1243 1549 BCNSPRNW ULIB Ver.6.0+V

เปลี่ยนเป็นภาษาไทย

Change to English
 แสดงรายละเอียดบรรณานุกรม
  กลับหน้าหลัก

Brief Record : Get Marc (ISO 2709) : E-mail record : QR code < ปิดหน้าต่าง
LEADER : 00000nam 2200000uu 4500
001    13399129214
003     ULIB
008    260511s2026||||th 000 0 tha d
020    ^a9781975239169
060  4 ^aWY160^bV652P
100 1  ^aVidebeck, Sheila l.
245 1  ^aPsychiatric mental health nursing /^cSheila L. Videbeck.
250    ^a10th ed.
260    ^aPhiladelphia :^bWolters kluwer,^c2026.
300    ^axi, 526 p. :^bill. ;^c28 cm.
505 0  ^aUnit 1. Current theories and practice. 1, Foundation of psychiatric-mental health nursing. 2, Neurobiologic theories and psychopharmacology. 3, Psychosocial theories and therapy. 4, Treatment settings and therapeutic programs -- Unit 2. Building the nurse-client relationship. 5, Therapeutic relationships. 6, Therapeutic communication. 7, Client s response to illness. 8, Assessment -- Unit 3. Current social and emotional concerns. 9, Legal and ethical issues. 10, Grief and loss. 11, Anger, hostility, and aggression. 12, Abuse and violence -- Unit 4. Nursing practice for psychiatric disorder. 13, Trauma and stressor-related disorders. 14, Anxiety and anxiety disorders. 15, Obsessive-compulsive and related disorders. 16, Schizophrenia. 17, Mood disorders and suicide. 18, Personality disorders. 19, Addiction. 20, Eating disorders. 21, Somatic symptom illnesses. 22, Neurodevelopmental disorders. 23, Disruptive behavior disorders. 24, Cognitive disorders.
650  0 ^aMental Disorders^xNursing
650  0 ^aPsychiatric nursing.
650  0 ^aPsychiatric nursing.^xTextbooks
650  0 ^aPsychiatric nursing^xMethods
650  2 ^aNurse-patient relations
650  4 ^aMental health
999    ^aประนอม เกษจรัล
รายการนี้ยังไม่มีแท็ก
คุณยังไม่ได้ล็อกอิน คุณสามารถมีกิจกรรมร่วมกับเว็บไซต์ได้ แต่ต้องล็อกอินก่อน ::
  ล็อกอิน

รายการสื่อสารสนเทศ

ลำดับที่ ประเภท เลขเรียก/บาร์โค้ด สถานที่ สถานะ
1. Book การพยาบาล
หนังสือสำรอง
สถานะ=หนังสือสำรอง
WY160 V652P ฉ.1 
  Barcode: 012200
ห้องสมุดวิทยาเขตสวรรค์ประชารักษ์
►หนังสือทั่วไป
บนชั้น

รายการใกล้เคียง
    ผู้แต่ง [Videbeck, Sheila l.]

    หัวเรื่อง [Mental Disorders Nursing]
    หัวเรื่อง [Psychiatric nursing.]
    หัวเรื่อง [Nurse-patient relations]
    หัวเรื่อง [Mental health]

BibComment


ยังไม่เคยถูกคอมเมนท์

คอมเมนท์ทรัพยากรรายการนี้
  คอมเมนท์: Psychiatric ment..


 Copyright 2026. Bcnsprnw @Library